Random Latin Sentences #7 - Statistics

General Stats
  • This quiz has been taken 24 times
  • The average score is 19 of 40
Answer Stats
Latin English % Correct
Nihil No
100%
Non Not
89%
Non Not
89%
Cum With
78%
Cum With
78%
Puer Boy
72%
Puer Boy
72%
Puer Boy
72%
Quid What
72%
Quid What
72%
Totum All
61%
Facio Does
61%
Totum Everything
61%
Totum Everything
61%
Scio Know
61%
Scio Know
61%
Pecunia Money
61%
Pecunia Money
61%
eius His
50%
Fecit Did
44%
Magus More
44%
Magus More
44%
Copi Stores
39%
Copi Stores
39%
Emptus Bought
33%
Emptus Bought
33%
Vendunt Sell
33%
Volui Wanted
33%
Iam Now
28%
Eorum Their
28%
Factus Became
22%
Tamen Still
22%
Quod They
22%
Decoctor Bankrupt
17%
Factum Came
17%
Rursus Back
11%
Iterum Once
11%
Commeatus Supplies
11%
Commeatus Supplies
11%
Infeliciter Unfortunately
11%
No matching quizzes found
Score Distribution
Percent of People with Each Score
Percentile by Number Answered
Your Score History
You have not taken this quiz